[Event "2008 Christmas Pledge Tournament #1"]
[Site "SchemingMind.com"]
[Date "2008.12.27"]
[Round "-"]
[White "Austin Lockwood"]
[Black "sthorwall"]
[Result "1/2-1/2"]
[WhiteCountry "ENG"]
[BlackCountry "USA"]
[WhiteElo "1756"]
[WhiteRD "93"]
[BlackElo "1763"]
[BlackRD "56"]
[GameID "185074"]

1. e4 e5 2. Nf3 Nc6 3. Bb5 Nf6 4. O-O Nxe4 5. d4 a6 6. Bxc6 dxc6 7. Nxe5 Be7 8. Nc3 Nxc3 9. bxc3 O-O 10. Re1 Be6
11. Bf4 Bd6 12. Rb1 Ra7 13. a4 Re8 14. Qh5 a5 15. Bg5 Qc8 16. Bf4 Qd8 17. Rb2 Ba3 18. Rbb1 Bf8 19. Be3=
1/2-1/2

[Event "2008 Christmas Pledge Tournament #1"]
[Site "SchemingMind.com"]
[Date "2008.12.27"]
[Round "-"]
[White "sthorwall"]
[Black "Austin Lockwood"]
[Result "1/2-1/2"]
[WhiteCountry "USA"]
[BlackCountry "ENG"]
[WhiteElo "1791"]
[WhiteRD "53"]
[BlackElo "1762"]
[BlackRD "78"]
[GameID "185075"]

1. e4 c5 2. Nf3 d6 3. d4 cxd4 4. Nxd4 Nf6 5. Nc3 a6 6. Bg5 e6 7. f4 Qb6 8. Nb3 Be7 9. e5 Qe3+ 10. Qe2 Qxe2+
11. Bxe2 dxe5 12. fxe5 Nd5 13. Nxd5 exd5 14. Bxe7 Kxe7 15. Bf3 Be6 16. O-O-O Nc6 17. Bxd5 Bxd5 18. Rxd5 Rhd8 19. Rxd8 Rxd8 20. Rd1 Rxd1+
21. Kxd1 f5 22. exf6+ Kxf6 23. Nc5 Nd8=
1/2-1/2

[Event "2008 Christmas Pledge Tournament #1"]
[Site "SchemingMind.com"]
[Date "2008.12.25"]
[Round "-"]
[White "jdcald13"]
[Black "Austin Lockwood"]
[Result "1-0"]
[WhiteCountry "USA"]
[BlackCountry "ENG"]
[WhiteElo "1849"]
[WhiteRD "66"]
[BlackElo "1762"]
[BlackRD "78"]
[GameID "185128"]

1. d4 Nf6 2. c4 g6 3. Nc3 Bg7 4. e4 d6 5. f3 O-O 6. Be3 e5 7. Nge2 exd4 8. Nxd4 Bd7 9. Qd2 Nc6 10. O-O-O Nxd4
11. Bxd4 Be6 12. g4 h5 13. gxh5 Nxh5 14. Bxg7 Nxg7 15. h4 Qf6 16. Be2 Nh5 17. Rdg1 d5 18. cxd5 Bd7 19. Rg5 Rae8 20. Rhg1 Re5
21. Nd1 Rxg5 22. hxg5 Qd6 23. Ne3 c6 24. Kb1 cxd5 25. Nxd5 Qe5 26. Rc1 Rd8 27. Qa5 Qxg5 28. Qxa7 Be6 29. Qxb7 Bxd5 30. exd5 Rxd5
31. Bc4 Qf5+ 32. Ka1 Rd4 33. a4 Qf4 34. Qc8+ Kg7 35. Rc3
1-0

[Event "2008 Christmas Pledge Tournament #1"]
[Site "SchemingMind.com"]
[Date "2008.12.27"]
[Round "-"]
[White "jdcald13"]
[Black "sthorwall"]
[Result "0-1"]
[WhiteCountry "USA"]
[BlackCountry "USA"]
[WhiteElo "1881"]
[WhiteRD "78"]
[BlackElo "1763"]
[BlackRD "56"]
[GameID "185129"]

1. c4 Nf6 2. Nc3 e5 3. g3 d5 4. cxd5 Nxd5 5. Bg2 Nxc3 6. bxc3 Nc6 7. d3 Bc5 8. Bb2 O-O 9. Nf3 e4 10. dxe4 Qxd1+
11. Rxd1 Be6 12. a3 Na5 13. Nd4 Nc4 14. Nxe6 fxe6
0-1

[Event "2008 Christmas Pledge Tournament #1"]
[Site "SchemingMind.com"]
[Date "2008.12.26"]
[Round "-"]
[White "Austin Lockwood"]
[Black "jdcald13"]
[Result "1-0"]
[WhiteCountry "ENG"]
[BlackCountry "USA"]
[WhiteElo "1756"]
[WhiteRD "93"]
[BlackElo "1881"]
[BlackRD "78"]
[GameID "185130"]

1. e4 d5 2. exd5 Nf6 3. d4 Nxd5 4. Nf3 Bg4 5. h3 Bh5 6. Bc4 e6 7. O-O Be7 8. g4 Bg6 9. Nc3 O-O 10. Nxd5 exd5
11. Bb3 c6 12. Bf4 Bd6 13. Bxd6 Qxd6 14. Re1 Nd7 15. Qe2 Nf6 16. Ne5 Rfe8 17. f4 Be4 18. g5 Nd7 19. Qh5 Nxe5 20. fxe5 Qb4
21. Rxe4 dxe4 22. Bxf7+ Kh8 23. Bxe8 Qxd4+ 24. Kh1
1-0

[Event "2008 Christmas Pledge Tournament #1"]
[Site "SchemingMind.com"]
[Date "2008.12.29"]
[Round "-"]
[White "sthorwall"]
[Black "jdcald13"]
[Result "1/2-1/2"]
[WhiteCountry "USA"]
[BlackCountry "USA"]
[WhiteElo "1819"]
[WhiteRD "56"]
[BlackElo "1863"]
[BlackRD "64"]
[GameID "185131"]

1. e4 c5 2. Nf3 Nc6 3. Bb5 a6 4. Bxc6 bxc6 5. O-O d5 6. d3 Bg4 7. d4 cxd4 8. Qxd4 Bxf3 9. gxf3 e6 10. b3 Nf6
11. Bg5 Be7 12. exd5 cxd5 13. c4 O-O 14. Nd2 h6 15. Be3 Qa5 16. Qb6 Qxb6 17. Bxb6 dxc4 18. Nxc4 Nd5 19. Rac1 Nxb6 20. Nxb6 Ra7
21. Nc8 Rd7 22. Nxe7+ Rxe7 23. Rfd1= Ra8 24. Rc5 a5 25. Rd4 Rea7 26. Kg2 a4 27. b4 Rb7 28. f4 a3 29. b5 Rab8 30. Rb4 Kh7
31. f5 exf5 32. Rxf5 Kg6 33. Rc5 Rb6 34. Rb3 f5 35. Rg3+ Kf6 36. Rf3 g6 37. Rxa3 Rxb5 38. Rc6+ Kg7 39. Raa6 g5 40. Rc7+ Kg8
41. Rg6+=
1/2-1/2

[Event "2008 Christmas Pledge Tournament #1"]
[Site "SchemingMind.com"]
[Date "2008.12.30"]
[Round "-"]
[White "jtrochez1"]
[Black "Austin Lockwood"]
[Result "0-1"]
[WhiteCountry "HON"]
[BlackCountry "ENG"]
[WhiteElo "1559"]
[WhiteRD "50"]
[BlackElo "1756"]
[BlackRD "93"]
[GameID "185628"]

1. e4 c5 2. Bc4 Nf6 3. d3 e6 4. Bg5 h6 5. Be3 Nc6 6. a3 d5 7. exd5 exd5 8. Bb5 Qa5+ 9. Nc3 d4 10. Bxc6+ bxc6
11. Nf3 dxe3 12. fxe3 Rb8 13. Ne5 Rxb2 14. Qd2 Bd6 15. Nxc6 Qc7 16. d4 Qxc6 17. d5 Qc7 18. O-O Bxh2+ 19. Kh1 Be5 20. a4 Qa5
21. Ra3 Qb4 22. Rf3 Rb1+ 23. Nxb1 Qxb1+
0-1

[Event "2008 Christmas Pledge Tournament #1"]
[Site "SchemingMind.com"]
[Date "2008.12.31"]
[Round "-"]
[White "jtrochez1"]
[Black "jdcald13"]
[Result "0-1"]
[WhiteCountry "HON"]
[BlackCountry "USA"]
[WhiteElo "1580"]
[WhiteRD "48"]
[BlackElo "1863"]
[BlackRD "64"]
[GameID "185629"]

1. e4 d5 2. e5 c5 3. c3 c4 4. d4 cxd3 5. Bxd3 Nc6 6. Bf4 e6 7. Nf3 Bc5 8. O-O Nge7 9. Bg5 h6 10. Bxe7 Qxe7
11. a3 O-O 12. Qe2 a6 13. Re1 b5 14. Qd2 Bb7 15. b4 Bb6 16. Qe2 Rac8 17. Nbd2 Rc7 18. Nb3 Rfc8 19. Rac1 Na7 20. Qd2 Rc6
21. Rc2 R8c7 22. Rec1 Nc8 23. Nfd4 Bxd4 24. Nxd4 Rb6 25. Re1 Ba8 26. Qf4 Rb8 27. Re3 Nb6 28. Rg3 Kh8 29. Bg6 Rbc8 30. Bh5 Na4
31. Qd2 Nb6 32. Nf3 Nc4 33. Qc1 a5 34. Nd4 axb4 35. axb4 Bc6 36. f4 Be8 37. f5 Nxe5 38. Nxe6 fxe6 39. Bxe8 Rxe8 40. Qf4 exf5
41. Re2 Rc4 42. Qd2 Nf3+ 43. gxf3 Qxe2 44. Qxe2 Rxe2 45. f4 d4 46. h4 Rxc3
0-1

[Event "2008 Christmas Pledge Tournament #1"]
[Site "SchemingMind.com"]
[Date "2009.01.02"]
[Round "-"]
[White "jtrochez1"]
[Black "sthorwall"]
[Result "0-1"]
[WhiteCountry "HON"]
[BlackCountry "USA"]
[WhiteElo "1580"]
[WhiteRD "48"]
[BlackElo "1819"]
[BlackRD "56"]
[GameID "185630"]

1. e4 c5 2. Nf3 d6 3. h3 Nf6 4. Nc3 Nc6 5. d4 cxd4 6. Nxd4 Nxd4 7. Qxd4 e5 8. Qd1 Be6 9. Bg5 d5 10. exd5 Bxd5
11. Nxd5 Be7 12. Bxf6 Bxf6 13. Bb5+ Kf8 14. Be2 Qa5+ 15. c3 Rd8 16. Qb3 Qxd5 17. Qxd5 Rxd5 18. O-O Rd2 19. Bf3 Rxb2 20. Bd5 Ke7
21. Rab1 Rxb1 22. Rxb1 b6 23. a4 Rf8 24. f3 Bg5 25. c4 Be3+ 26. Kf1 Kd6 27. Ke2 Bc5 28. g4 f6 29. h4 h6 30. Be4 Rc8
31. Bd5 Rd8 32. h5 Rb8 33. a5 b5 34. a6 Bd4 35. Kd3 bxc4+ 36. Kc2 Rxb1 37. Kxb1 Kxd5 38. Kc2 e4 39. fxe4+ Kxe4
0-1

[Event "2008 Christmas Pledge Tournament #1"]
[Site "SchemingMind.com"]
[Date "2008.12.30"]
[Round "-"]
[White "Austin Lockwood"]
[Black "jtrochez1"]
[Result "1-0"]
[WhiteCountry "ENG"]
[BlackCountry "HON"]
[WhiteElo "1762"]
[WhiteRD "78"]
[BlackElo "1546"]
[BlackRD "48"]
[GameID "185631"]

1. e4 e5 2. Nf3 Bd6 3. Bc4 h6 4. O-O Nc6 5. d4 Nf6 6. dxe5 Bxe5 7. Nxe5 Nxe5 8. Bb3 d6 9. Nc3 Bd7 10. Bf4 O-O
11. Bxe5 dxe5 12. Qd3 c6 13. Rad1 Qc7 14. Qg3 Rad8 15. Rd3 Bg4 16. h3 Rxd3 17. cxd3 Bh5 18. f4 exf4 19. Qxf4 Qxf4 20. Rxf4 Bg6
21. e5 Nh5 22. Rf3 Kh8 23. g4 f5 24. gxh5 Bh7 25. Be6 g6 26. hxg6 Bxg6 27. Ne4 Kg7 28. Nf6 f4 29. Rxf4 Bf7 30. Bxf7 Rxf7
31. Rg4+ Kf8 32. Rg8+ Ke7 33. Re8#
1-0

[Event "2008 Christmas Pledge Tournament #1"]
[Site "SchemingMind.com"]
[Date "2008.12.31"]
[Round "-"]
[White "jdcald13"]
[Black "jtrochez1"]
[Result "1-0"]
[WhiteCountry "USA"]
[BlackCountry "HON"]
[WhiteElo "1872"]
[WhiteRD "64"]
[BlackElo "1578"]
[BlackRD "51"]
[GameID "185632"]

1. d4 d5 2. c4 e6 3. Nc3 c6 4. e3 Nf6 5. Nf3 Nbd7 6. Bd3 h6 7. O-O Be7 8. Bd2 O-O 9. Rc1 Bd6 10. cxd5 exd5
11. e4 dxe4 12. Nxe4 Nxe4 13. Bxe4 Nf6 14. Bb1 Re8 15. Qc2 Ne4 16. Rfe1 Bf5 17. Qb3 Nxd2 18. Nxd2 Bxb1 19. Rxb1 Qc7 20. Nf3 Kh8
21. Ne5 Bxe5 22. dxe5 a5 23. a4 Re6 24. f4 Rf8 25. Rbd1 c5 26. Rd2 c4 27. Qc2 Qb6+ 28. Kh1 Qb4 29. Red1 b5 30. axb5 Ree8
31. Rd4 Qxb5 32. Rxc4 Kg8 33. Rc7 Rd8 34. b3 Rxd1+ 35. Qxd1 Kh7 36. Rd7 Kg8 37. h3 g6 38. Kh2 h5 39. Kg3 Re8 40. Qd5 Qxd5
41. Rxd5 Ra8 42. Kh4 a4 43. bxa4 Rxa4 44. Kg5 Kg7 45. g4 hxg4 46. hxg4 Ra7 47. Rd8 Re7 48. Ra8 Re6 49. Ra7 Rc6 50. f5 gxf5
51. gxf5 Kf8 52. f6 Ke8 53. Kh6 Re6 54. Kg7 Rxe5 55. Ra8+ Kd7 56. Kxf7 Rh5 57. Kg6 Re5 58. f7 Re6+ 59. Kg5 Re5+ 60. Kg4 Re4+
61. Kg3 Re3+ 62. Kf2
1-0

[Event "2008 Christmas Pledge Tournament #1"]
[Site "SchemingMind.com"]
[Date "2008.12.30"]
[Round "-"]
[White "sthorwall"]
[Black "jtrochez1"]
[Result "1-0"]
[WhiteCountry "USA"]
[BlackCountry "HON"]
[WhiteElo "1791"]
[WhiteRD "53"]
[BlackElo "1546"]
[BlackRD "48"]
[GameID "185633"]

1. e4 e5 2. Nf3 d6 3. d4 exd4 4. Nxd4 c6 5. Nc3 Bd7 6. Bd3 Nf6 7. O-O Bg4 8. Nf3 Nbd7 9. h3 Bh5 10. Bf4 Be7
11. Qe2 Ne5 12. g4 Nfxg4 13. Nxe5 Nxe5 14. Qxh5 Nxd3 15. cxd3 Qd7 16. Qg4 Qxg4+ 17. hxg4 f6 18. Kg2 O-O-O 19. Rac1 Kd7 20. Be3 Ra8
21. f4 b6 22. Rh1 g6 23. Rh3 Rag8 24. g5 fxg5 25. fxg5 Bd8 26. Rch1 h5 27. gxh6 g5 28. h7 Rf8 29. Rf3 Rxf3 30. Kxf3 Bf6
31. Kg4 Re8 32. Rf1 Ke7 33. Bxg5 Bxg5 34. Kxg5 Rh8 35. Kg6 a5 36. Kg7
1-0

[Event "2008 Christmas Pledge Tournament #1"]
[Site "SchemingMind.com"]
[Date "2009.01.02"]
[Round "-"]
[White "uzamaki_naruto0"]
[Black "jtrochez1"]
[Result "0-1"]
[WhiteCountry "GBR"]
[BlackCountry "HON"]
[WhiteElo "1282"]
[WhiteRD "104"]
[BlackElo "1580"]
[BlackRD "48"]
[GameID "186067"]

1. e4 e5 2. Nf3 Bd6 3. d4 Nc6 4. dxe5 Nxe5 5. Nxe5 Bxe5 6. f4 Bf6 7. e5 Bxe5 8. Qe2 d6 9. fxe5 Be6 10. Nc3 Ne7
11. Bg5 Qd7
0-1

[Event "2008 Christmas Pledge Tournament #1"]
[Site "SchemingMind.com"]
[Date "2009.01.03"]
[Round "-"]
[White "AlekhineKid"]
[Black "Austin Lockwood"]
[Result "0-1"]
[WhiteCountry "USA"]
[BlackCountry "ENG"]
[WhiteElo "1590"]
[WhiteRD "68"]
[BlackElo "1762"]
[BlackRD "78"]
[GameID "186101"]

1. c4 Nf6 2. Nc3 e6 3. Nf3 d5 4. d4 dxc4 5. e4 Bb4 6. Bg5 h6 7. Bxf6 Qxf6 8. Bxc4 O-O 9. O-O Nc6 10. Bb5 Bd7
11. d5 Bxc3 12. dxc6 Bxc6 13. Bxc6 Bxb2 14. e5 Bxe5 15. Nxe5 Qxe5 16. Bxb7 Rab8
0-1

[Event "2008 Christmas Pledge Tournament #1"]
[Site "SchemingMind.com"]
[Date "2009.01.02"]
[Round "-"]
[White "AlekhineKid"]
[Black "jtrochez1"]
[Result "1-0"]
[WhiteCountry "USA"]
[BlackCountry "HON"]
[WhiteElo "1590"]
[WhiteRD "68"]
[BlackElo "1546"]
[BlackRD "48"]
[GameID "186102"]

1. c4 g6 2. f4 Bg7 3. Nc3 e5 4. fxe5 Bxe5 5. Nf3 Bxc3 6. bxc3 d6 7. g3 Be6 8. d3 f6 9. Bg2 Nc6 10. O-O Qd7
11. Rb1 b6 12. Nd4 O-O-O 13. Bxc6 Qg7 14. Nxe6 Qe7 15. Qa4 a5 16. Qb5
1-0

[Event "2008 Christmas Pledge Tournament #1"]
[Site "SchemingMind.com"]
[Date "2009.01.03"]
[Round "-"]
[White "AlekhineKid"]
[Black "jdcald13"]
[Result "0-1"]
[WhiteCountry "USA"]
[BlackCountry "USA"]
[WhiteElo "1590"]
[WhiteRD "68"]
[BlackElo "1849"]
[BlackRD "66"]
[GameID "186103"]

1. c4 Nf6 2. Nc3 c5 3. f4 Nc6 4. Nf3 d6 5. e3 g6 6. Be2 Bg7 7. O-O O-O 8. d3 a6 9. Bd2 Rb8 10. Ng5 b5
11. Bf3 Bd7 12. Rb1 h6 13. Nge4 Nb4 14. Nxf6+ Bxf6 15. cxb5 axb5
0-1

[Event "2008 Christmas Pledge Tournament #1"]
[Site "SchemingMind.com"]
[Date "2009.01.02"]
[Round "-"]
[White "AlekhineKid"]
[Black "sthorwall"]
[Result "0-1"]
[WhiteCountry "USA"]
[BlackCountry "USA"]
[WhiteElo "1590"]
[WhiteRD "68"]
[BlackElo "1791"]
[BlackRD "53"]
[GameID "186105"]

1. c4 Nf6 2. Nc3 g6 3. f4 d5 4. e3 Bg7 5. Nf3 O-O 6. Be2 c5 7. cxd5 Nxd5 8. O-O Nc6 9. Qb3 Nf6 10. Rd1 Qb6
11. Qxb6 axb6 12. b3 Rd8 13. Na4 Nd5 14. Bb2 Nxf4 15. exf4 Rxa4 16. Bxg7 Re4 17. Bc3 Rxe2 18. Re1 Rxe1+
0-1

[Event "2008 Christmas Pledge Tournament #1"]
[Site "SchemingMind.com"]
[Date "2009.01.03"]
[Round "-"]
[White "Austin Lockwood"]
[Black "AlekhineKid"]
[Result "1-0"]
[WhiteCountry "ENG"]
[BlackCountry "USA"]
[WhiteElo "1762"]
[WhiteRD "78"]
[BlackElo "1590"]
[BlackRD "68"]
[GameID "186106"]

1. e4 e5 2. Nf3 Nc6 3. Bb5 a6 4. Ba4 Nf6 5. O-O Be7 6. d3 b5 7. Bb3 d6 8. Nc3 Na5 9. Be3 Nxb3 10. axb3 Bd7
11. d4 exd4 12. Nxd4 c5 13. Nf5 Bxf5 14. exf5 d5 15. Bg5 d4 16. Bxf6 Bxf6 17. Qe2+
1-0

[Event "2008 Christmas Pledge Tournament #1"]
[Site "SchemingMind.com"]
[Date "2009.01.03"]
[Round "-"]
[White "jtrochez1"]
[Black "AlekhineKid"]
[Result "1-0"]
[WhiteCountry "HON"]
[BlackCountry "USA"]
[WhiteElo "1580"]
[WhiteRD "48"]
[BlackElo "1566"]
[BlackRD "72"]
[GameID "186107"]

1. e4 e5 2. Bc4 Nf6 3. d4 exd4 4. Qxd4 Nc6 5. Qd3 Bc5 6. Bg5 Bxf2+ 7. Kd2 Ne5 8. Qb3 Nxe4+ 9. Ke2 Qxg5 10. Bxf7+ Nxf7
11. Qf3 Qb5+ 12. Qd3 Qxd3+ 13. cxd3 Bxg1 14. Rxg1 Nf6 15. Nd2 d5 16. h3 O-O 17. Rac1 c6 18. Rge1
1-0

[Event "2008 Christmas Pledge Tournament #1"]
[Site "SchemingMind.com"]
[Date "2009.01.03"]
[Round "-"]
[White "jdcald13"]
[Black "AlekhineKid"]
[Result "1-0"]
[WhiteCountry "USA"]
[BlackCountry "USA"]
[WhiteElo "1849"]
[WhiteRD "66"]
[BlackElo "1590"]
[BlackRD "68"]
[GameID "186108"]

1. e4 e5 2. Nf3 Nc6 3. Bc4 Nf6 4. Ng5 d5 5. exd5 Na5 6. d3 h6 7. Nf3 e4 8. Qe2 Nxc4 9. dxc4 Bc5 10. Nfd2 O-O
11. O-O Bg4 12. Qe1 Qe7 13. Nc3 e3 14. fxe3 Bxe3+ 15. Kh1
1-0

[Event "2008 Christmas Pledge Tournament #1"]
[Site "SchemingMind.com"]
[Date "2009.01.02"]
[Round "-"]
[White "sthorwall"]
[Black "AlekhineKid"]
[Result "1-0"]
[WhiteCountry "USA"]
[BlackCountry "USA"]
[WhiteElo "1791"]
[WhiteRD "53"]
[BlackElo "1590"]
[BlackRD "68"]
[GameID "186110"]

1. e4 e5 2. Nf3 Nc6 3. d4 exd4 4. Nxd4 Bc5 5. Nxc6 Qf6 6. Be3 Bxe3 7. fxe3 dxc6 8. Qd4 Bg4 9. Nc3 Rd8 10. Qxa7 Ne7
11. Bd3 O-O 12. Qxb7 Rb8 13. Qxc7 Rxb2 14. Kd2 Ng6 15. Rhb1
1-0

[Event "2008 Christmas Pledge Tournament #1"]
[Site "SchemingMind.com"]
[Date "2009.01.05"]
[Round "-"]
[White "doobwah"]
[Black "Austin Lockwood"]
[Result "0-1"]
[WhiteCountry "USA"]
[BlackCountry "ENG"]
[WhiteElo "1559"]
[WhiteRD "82"]
[BlackElo "1756"]
[BlackRD "93"]
[GameID "186242"]

1. e4 e5 2. Nf3 Nc6 3. Bc4 Bc5 4. O-O Nf6 5. d3 d6 6. Bg5 O-O 7. c3 h6 8. Be3 Bxe3 9. fxe3 Be6 10. Nbd2 Bxc4
11. Nxc4 d5 12. exd5 Qxd5 13. Ne1 e4 14. b3 exd3 15. Qxd3 Rfd8 16. Qe2 Ne4 17. Rc1 Rd7 18. Nf3 Rad8 19. Nd4 Nxd4 20. Qg4 Qe6
21. Rf4 Qxg4 22. Rxg4 Ne2+
0-1

[Event "2008 Christmas Pledge Tournament #1"]
[Site "SchemingMind.com"]
[Date "2009.01.05"]
[Round "-"]
[White "doobwah"]
[Black "AlekhineKid"]
[Result "1-0"]
[WhiteCountry "USA"]
[BlackCountry "USA"]
[WhiteElo "1589"]
[WhiteRD "75"]
[BlackElo "1590"]
[BlackRD "68"]
[GameID "186243"]

1. e4 c5 2. c4 Nc6 3. d3 g6 4. Nc3 Bg7 5. Nf3 e6 6. Be3 d6 7. a3 Nge7 8. Rc1 O-O 9. Bg5 h6 10. Bh4 g5
11. Bg3 f5 12. h3 d5 13. exd5 exd5 14. b4 f4 15. Bh2 cxb4 16. Nb1 Re8 17. Be2
1-0

[Event "2008 Christmas Pledge Tournament #1"]
[Site "SchemingMind.com"]
[Date "2009.01.06"]
[Round "-"]
[White "doobwah"]
[Black "jtrochez1"]
[Result "0-1"]
[WhiteCountry "USA"]
[BlackCountry "HON"]
[WhiteElo "1559"]
[WhiteRD "82"]
[BlackElo "1559"]
[BlackRD "50"]
[GameID "186244"]

1. e4 e5 2. Nf3 Bd6 3. Bc4 Nc6 4. O-O Na5 5. Be2 Nc6 6. c3 Nce7 7. d3 Ng6 8. Qb3 h6 9. d4 c6 10. Na3 N8e7
11. Nc4 Qc7 12. Be3 O-O 13. Nxd6 Qxd6 14. Rfd1 Qf6 15. dxe5 Nxe5 16. Bd4 d6 17. Nxe5 dxe5 18. Bc5 b6 19. Bxe7 Qxe7 20. Rd3 Be6
21. Qd1 Qg5 22. Rg3 Qf6 23. Qd2 Rad8 24. Qe3 Rd6 25. Bg4 Bxg4 26. Rxg4 Rfd8 27. Kf1 Rd3 28. Qe2 Rd2 29. Qe3 R8d3 30. Qe1 Qd6
31. Rg3 Rd1 32. Rxd1 Rxd1 33. Ke2 Rxe1+
0-1

[Event "2008 Christmas Pledge Tournament #1"]
[Site "SchemingMind.com"]
[Date "2009.01.08"]
[Round "-"]
[White "doobwah"]
[Black "jdcald13"]
[Result "0-1"]
[WhiteCountry "USA"]
[BlackCountry "USA"]
[WhiteElo "1589"]
[WhiteRD "75"]
[BlackElo "1849"]
[BlackRD "66"]
[GameID "186245"]

1. e4 c5 2. c4 Nc6 3. Nc3 Nf6 4. d3 g6 5. Nd5 Bg7 6. Nf3 d6 7. Rb1 O-O 8. Bd2 Bg4 9. Be2 e6 10. O-O exd5
11. Bg5 d4 12. h3 Bxf3 13. Bxf3 h6 14. a3 hxg5 15. b4 Ne5 16. bxc5 dxc5 17. Rxb7 Qa5 18. h4 gxh4 19. g3 hxg3 20. fxg3 Qxa3
21. Be2 Rab8 22. Qb1 Rxb7 23. Qxb7 Nxd3 24. e5 Nxe5 25. Kg2 Neg4 26. Kh3 Ne3 27. Rf3 Qc1 28. Rf2 Qe1 29. Rh2 Nh5 30. Bxh5 gxh5
31. Qf3 Qf1+ 32. Qxf1 Nxf1
0-1

[Event "2008 Christmas Pledge Tournament #1"]
[Site "SchemingMind.com"]
[Date "2009.01.06"]
[Round "-"]
[White "doobwah"]
[Black "sthorwall"]
[Result "0-1"]
[WhiteCountry "USA"]
[BlackCountry "USA"]
[WhiteElo "1589"]
[WhiteRD "75"]
[BlackElo "1791"]
[BlackRD "53"]
[GameID "186247"]

1. e4 e5 2. Nf3 Nc6 3. Bc4 Nf6 4. d3 d5 5. exd5 Nxd5 6. Bb5 Bd7 7. Bd2 Nd4 8. Bxd7+ Qxd7 9. O-O Nxf3+ 10. Qxf3 O-O-O
11. Re1 f6 12. Nc3 Kb8 13. Ne4 h5 14. a3 Qg4 15. Qg3 Qxg3 16. Nxg3 h4 17. Nf1 h3 18. g3 Bc5 19. Ne3 Rhe8 20. b4 Bd4
21. Rab1 Bc3 22. Bxc3 Nxc3 23. Rb3 Nb5 24. Rd1 Nd4 25. Rb2 Nf3+ 26. Kh1 g6 27. a4 e4 28. Rb3 f5 29. dxe4 Rxd1+ 30. Nxd1 Nd4
31. Rc3 Rxe4 32. Ne3 Nc6 33. Rb3 Nxb4 34. a5 a6 35. Kg1 Nc6 36. f3 Rd4 37. Ra3 Rd2 38. Ra4 Nd4 39. Rxd4 Rxd4 40. c4 Rd2
41. Nd5 Rd1+ 42. Kf2 Rh1 43. Ne7 Rxh2+ 44. Kg1 Rg2+ 45. Kh1 Rxg3
0-1

[Event "2008 Christmas Pledge Tournament #1"]
[Site "SchemingMind.com"]
[Date "2009.01.05"]
[Round "-"]
[White "Austin Lockwood"]
[Black "doobwah"]
[Result "1/2-1/2"]
[WhiteCountry "ENG"]
[BlackCountry "USA"]
[WhiteElo "1762"]
[WhiteRD "78"]
[BlackElo "1589"]
[BlackRD "75"]
[GameID "186248"]

1. e4 e5 2. Nf3 d6 3. d4 exd4 4. Qxd4 Nc6 5. Bb5 Bd7 6. Bxc6 Bxc6 7. O-O Qf6 8. Nc3 h6 9. Qxf6 Nxf6 10. e5 Ng4
11. Nd4 Nxe5 12. f4 Ng4 13. Nxc6 bxc6 14. h3 Nf6 15. Be3 Be7 16. Rad1 O-O 17. Rd3 a6 18. g4 d5 19. g5 hxg5 20. fxg5 Nd7
21. g6 Nf6 22. gxf7+ Rxf7 23. Bd4 c5 24. Bxc5 c6 25. Bxe7 Rxe7 26. b4 Rae8 27. a4 Re3 28. Rfd1 R3e5 29. R1d2= Ne4 30. Nxe4 Rxe4
31. b5 axb5 32. axb5 R8e6 33. bxc6 Rxc6 34. Rxd5 Rec4 35. Kg2=
1/2-1/2

[Event "2008 Christmas Pledge Tournament #1"]
[Site "SchemingMind.com"]
[Date "2009.01.05"]
[Round "-"]
[White "AlekhineKid"]
[Black "doobwah"]
[Result "0-1"]
[WhiteCountry "USA"]
[BlackCountry "USA"]
[WhiteElo "1590"]
[WhiteRD "68"]
[BlackElo "1589"]
[BlackRD "75"]
[GameID "186249"]

1. c4 e5 2. Nc3 Be7 3. Nf3 d6 4. d4 exd4 5. Nxd4 Nf6 6. e4 Bg4 7. Be2 Bxe2 8. Qxe2 O-O 9. O-O Nbd7 10. Be3 Nc5
11. Nf5 Ncxe4 12. Nxe4 Nxe4 13. Qg4 g6 14. Nh6+ Kg7 15. Qxe4 Bg5 16. Ng4 Bxe3
0-1

[Event "2008 Christmas Pledge Tournament #1"]
[Site "SchemingMind.com"]
[Date "2009.01.05"]
[Round "-"]
[White "jtrochez1"]
[Black "doobwah"]
[Result "1/2-1/2"]
[WhiteCountry "HON"]
[BlackCountry "USA"]
[WhiteElo "1546"]
[WhiteRD "48"]
[BlackElo "1589"]
[BlackRD "75"]
[GameID "186250"]

1. e4 e5 2. Nf3 d6 3. h3 Be7 4. d4 exd4 5. Nxd4 Nf6 6. Nc3 Bd7 7. Bd3 Nc6 8. Nb3 Ne5 9. Be2 Bc6 10. Nd2 O-O
11. Bf3 d5 12. O-O Bb4 13. a3 Bxc3 14. bxc3 Nxf3+ 15. Nxf3 Nxe4 16. Bb2 Qf6 17. Qd4 Rae8 18. Qxf6 Nxf6 19. Rac1 Ba4 20. Nd4 c5
21. Nf3 c4 22. Nd4 a5 23. f3 Nh5 24. Kf2 f5 25. Rce1 f4 26. Rxe8 Rxe8 27. Re1 Kf7 28. Rxe8 Bxe8 29. Bc1 g5 30. Bd2 Ng3
31. Be1 Bd7 32. Kg1 Nf5 33. Bf2 Kf6 34. Nxf5 Bxf5 35. Bd4+ Kg6 36. Kf2 Kh5 37. g4+ Kg6 38. Kg2 Bxc2 39. Bb6 Kg7 40. Bxa5 Kf6
41. Bb6 Bd3 42. Bd4+ Ke6 43. a4 Kf7=
1/2-1/2

[Event "2008 Christmas Pledge Tournament #1"]
[Site "SchemingMind.com"]
[Date "2009.01.05"]
[Round "-"]
[White "jdcald13"]
[Black "doobwah"]
[Result "1-0"]
[WhiteCountry "USA"]
[BlackCountry "USA"]
[WhiteElo "1849"]
[WhiteRD "66"]
[BlackElo "1589"]
[BlackRD "75"]
[GameID "186251"]

1. e4 e5 2. Nf3 d6 3. Bc4 Be7 4. Nc3 Bg4 5. h3 Bh5 6. d3 c6 7. Be3 Nf6 8. g4 Bg6 9. Qd2 b5 10. Bb3 O-O
11. O-O-O b4 12. Ne2 a5 13. Ba4 c5 14. Rdg1 h6 15. h4 h5 16. gxh5 Bxh5 17. Ng5 Nbd7 18. f4 c4 19. d4 Bg6 20. dxe5 dxe5
21. f5 Bh7 22. Nxh7 Nxh7 23. Qxd7 Bxh4 24. Qxd8 Bxd8 25. Bh6 Bf6 26. Rg2 Kh8 27. Bxg7+ Bxg7 28. Rgh2 Kg8 29. Rxh7 Rac8 30. R7h3 c3
31. Rg1
1-0

[Event "2008 Christmas Pledge Tournament #1"]
[Site "SchemingMind.com"]
[Date "2009.01.05"]
[Round "-"]
[White "sthorwall"]
[Black "doobwah"]
[Result "1-0"]
[WhiteCountry "USA"]
[BlackCountry "USA"]
[WhiteElo "1791"]
[WhiteRD "53"]
[BlackElo "1589"]
[BlackRD "75"]
[GameID "186253"]

1. e4 e5 2. Nf3 d6 3. d4 exd4 4. Nxd4 g6 5. Nc3 Bd7 6. Bc4 Nf6 7. Bg5 h6 8. Bxf6 Qxf6 9. O-O c6 10. Qf3 Bg7
11. Qxf6 Bxf6 12. Rad1 c5 13. Ndb5 Bxb5 14. Nxb5 Na6 15. Nxd6+ Kf8 16. Nxb7 Nc7 17. Rd7 Ne6 18. Bxe6 fxe6 19. Nxc5 Bxb2 20. Nxe6+ Ke8
21. Rb7 Be5 22. Rd1 Rc8 23. Rdd7 Bf6 24. e5 Rb8 25. exf6
1-0

[Event "2008 Christmas Pledge Tournament #1"]
[Site "SchemingMind.com"]
[Date "2009.01.06"]
[Round "-"]
[White "echecs"]
[Black "Austin Lockwood"]
[Result "1-0"]
[WhiteCountry "ENG"]
[BlackCountry "ENG"]
[WhiteElo "1834"]
[WhiteRD "57"]
[BlackElo "1762"]
[BlackRD "78"]
[GameID "186553"]

1. e4 e5 2. Nf3 Nc6 3. Bc4 Bc5 4. c3 Nf6 5. d3 d6 6. b4 Bb6 7. a4 a5 8. b5 d5 9. exd5 Ne7 10. Nxe5 O-O
11. d4 Nfxd5 12. O-O f6 13. Ng4 Be6 14. Re1 Qd7 15. Ne3 Nxe3 16. Bxe6+ Qxe6 17. Rxe3 Qd7 18. Rh3 Rfd8 19. Qh5 Qf5 20. Qe2 Nd5
21. Rf3 Qe6 22. Qxe6+
1-0